| 000 | 00665nam a22001937a 4500 | ||
|---|---|---|---|
| 001 | 9858 | ||
| 003 | FISKH | ||
| 005 | 20260309163117.0 | ||
| 008 | 260309b cb ||||| |||| 00| 0 eng d | ||
| 020 | _a9789995081430 | ||
| 040 |
_aFISKH _bkhr _cFISKH _dFISKH |
||
| 082 | _a959.6042 – | ||
| 100 | _aSave Cambodia's Wildlife | ||
| 245 |
_aមគ្គុទ្ទេសក៏គ្រូបង្រៀន : _bកម្រងឯកសារសិក្សា នៃប្រទេសកម្ពុជា / _cBy Save Cambodia's Wildlife |
||
| 260 | _aPhnom Penh : | ||
| 300 |
_a14 pages : _bcolor illustrations ; _c29 cm . |
||
| 942 |
_2ddc _cBK _n0 |
||
| 999 |
_c9858 _d9858 |
||